000 00422nam a2200157Ia 4500
008 230718s9999 xx 000 0 und d
041 _aeng
082 _a621.815
_bKHU
100 _aKhurmi R.S.
_9141538
245 _aTextbook Of Machine Design
260 _bEurasia Publishing House
300 _a1230
365 _cRs.
_b550.00
700 _aKhurmi R.S. & Gupta J.K.
_9184777
906 _dB:88531-Oct-2007
_cMECH
_b82.5
999 _c317866
_d317866